Creating architectural photo models using close range photogrammetry

Salvato in:
Dettagli Bibliografici
Autore principale: Karel, Wilfried (Autore)
Natura: Libro
Lingua:inglese
Pubblicazione: Saarbrücken : VDM Verlag Dr. Müller, 2008
Tags: Aggiungi Tag
Nessun Tag, puoi essere il primo ad aggiungerne!!

MARC

LEADER 00000nam a22000003a 4500
001 stu240414
005 20150617230134.5
008 111214s2008----gw------------------eng-d
020 |a 978-3-639-04294-8 
040 |a STU  |b slo 
041 0 |a eng 
044 |a gw 
080 |a 528.7 
100 1 |a Karel, Wilfried  |4 aut 
245 1 |a Creating architectural photo models using close range photogrammetry 
260 |a Saarbrücken :  |b VDM Verlag Dr. Müller,  |c 2008 
300 |a 76 s 
996 |c V*51268/O-22905  |l VV4  |s P  |a 0  |w stu240414_0001